Liam Payne - Stack It Up - All lyrics - Statistics

General Stats
  • This quiz has been taken 2 times
  • The average score is 310 of 465
Answer Stats
Answer % Correct
be
100%
for
100%
got
100%
gotta
100%
(Gotta
100%
I
100%
I-I,
100%
I-I
100%
I-I-I-I-I
100%
I-I-I-I-I-I
100%
in
100%
in)
100%
it
100%
it)
100%
know
100%
mind
100%
money
100%
money,
100%
my
100%
no
100%
now
100%
Now
100%
on
100%
stack
100%
to
100%
(To
100%
up
100%
up,
100%
work
100%
ya
100%
you
100%
a
50%
ain't
50%
Ain't
50%
and
50%
And
50%
been
50%
better
50%
broke
50%
But
50%
by
50%
can't
50%
Cause
50%
come
50%
D-I-E
50%
doin'
50%
don't
50%
dreams
50%
enough
50%
free,
50%
get
50%
give
50%
gonna
50%
guy
50%
had
50%
have
50%
her
50%
ID
50%
I'd
50%
if
50%
I've
50%
just
50%
Lamborghini
50%
like
50%
lost
50%
man,
50%
me
50%
me,
50%
nobody
50%
right
50%
satisfy
50%
She
50%
shoes
50%
(Skrrt,
50%
that
50%
(That
50%
the
50%
The
50%
time
50%
Took
50%
Tryna
50%
VIP
50%
wanna
50%
Wanna
50%
Want
50%
was
50%
wear
50%
when
50%
worst
50%
woulda
50%
Yeah,
50%
(Yeah,
50%
yeah)
50%
(Yeah)
50%
always
0%
B-I-G
0%
bought
0%
brokest,
0%
brokest
0%
buy
0%
called
0%
Capri
0%
car
0%
caught
0%
Celine,
0%
cents
0%
club,
0%
comin'
0%
couple
0%
creepin',
0%
D-O-E
0%
fiend,
0%
fifty
0%
first
0%
flex
0%
friend,
0%
gettin'
0%
Girls
0%
hard
0%
hate
0%
him,
0%
Laurent
0%
livin'
0%
loudest
0%
Louis
0%
luggages
0%
MOT
0%
need
0%
nice
0%
ones
0%
purse
0%
(Purse
0%
put
0%
reminisce
0%
reminisce)
0%
Saint
0%
saw
0%
see
0%
shit
0%
shit-talker
0%
So
0%
strugglin'
0%
Suns
0%
sweet,
0%
they
0%
they're
0%
think
0%
T-I-E
0%
T-I-P
0%
Tried
0%
(Uh)
0%
Urus,
0%
valet
0%
Wasn't
0%
weren't
0%
workin'
0%
No matching quizzes found
Score Distribution
Percent of People with Each Score
Percentile by Number Answered
Your Score History
You have not taken this quiz